|
|
|
|
| LEADER |
00862nab a2200229 i 4500 |
| 001 |
acta24283 |
| 005 |
20210601115217.0 |
| 008 |
161017s1985 hu o 0|| eng d |
| 022 |
|
|
|a 0001-6721
|
| 040 |
|
|
|a SZTE Egyetemi Kiadványok Repozitórium
|b hun
|
| 041 |
|
|
|a eng
|
| 100 |
1 |
|
|a Bošáček V.
|
| 245 |
1 |
0 |
|a Catalytic properties of stabilized zeolites Y in the reactions of dimethyl ether and of the toluene disproportinaion
|h [elektronikus dokumentum] /
|c Bošáček V.
|
| 260 |
|
|
|c 1985
|
| 300 |
|
|
|a 309-318
|
| 490 |
0 |
|
|a Acta physica et chemica
|v 31 No. 1-2
|
| 695 |
|
|
|a Természettudomány, Fizika, Kémia
|
| 700 |
0 |
1 |
|a Jelínková J.
|e aut
|
| 700 |
0 |
1 |
|a Isakov Â. I.
|e aut
|
| 700 |
0 |
1 |
|a Isakova T. A.
|e aut
|
| 700 |
0 |
1 |
|a Minahev Khabib Minachevič
|e aut
|
| 856 |
4 |
0 |
|u http://acta.bibl.u-szeged.hu/24283/1/phys_chem_031_fasc_001_002_309-318.pdf
|z Dokumentum-elérés
|